000 00254nam a22001217a 4500
008 170606b xxu||||| |||| 00| 0 eng d
041 _aeng
080 _a32
100 _a18
101 _aSHH
245 _aWHY REVOLUTION
_cPAYNTON,C.T
942 _2udc
_cBK
999 _c16172
_d16172